| Tag |
First Indicator |
Second Indicator |
Subfields |
| LEADER |
00000cgm a2200000za 4500 |
| 001 |
in00003591663 |
| 006 |
m o c |
| 007 |
vz uzazuu |
| 007 |
cr una---unuuu |
| 008 |
150908p20152013cau018 o vlund d |
| 005 |
20260324181932.1 |
| 028 |
5 |
2 |
|a 1133794
|b Kanopy
|
| 035 |
|
|
|a (CaSfKAN)kan1133794
|
| 040 |
|
|
|a VDU
|b eng
|c VDU
|d UtOrBLW
|
| 245 |
0 |
0 |
|a Genderfreak.
|
| 264 |
|
1 |
|a [San Francisco, California, USA] :
|b Kanopy Streaming,
|c 2015.
|
| 300 |
|
|
|a 1 online resource (streaming video file)
|
| 306 |
|
|
|a Duration: 19 minutes
|
| 336 |
|
|
|a two-dimensional moving image
|b tdi
|2 rdacontent
|
| 337 |
|
|
|a computer
|b c
|2 rdamedia
|
| 338 |
|
|
|a online resource
|b cr
|2 rdacarrier
|
| 500 |
|
|
|a Title from title frames.
|
| 511 |
0 |
|
|a Features: Halle Charlton, Lauryn Whitney, Kyle Dietz, Chris Flemming, Che Landon, Heather Nichols
|
| 518 |
|
|
|a Originally produced by Frameline in 2013.
|
| 520 |
|
|
|a High School violinist Rachel, the token straight friend in her group, starts the new school year determined to ask her crush, popular guy Pete, to the "Backwards Dance" where the girls ask the guys. Rachel's plans"”and her ideas about gender"”go awry when she meets handsome genderqueer teenager Sammy, who plays guitar and challenges the notion that "He" and "She" are the only options. Rachel and Sammy become friends, form a band, and combat the gender binary in this comedic short with a rocking soundtrack. A lighthearted but grounded look at the power of an accepting group of friends to shake up the status quo at one school, director Rebecca Louisell's Genderfreak has wowed audiences across the world, and opened up conversations between students, parents, and film lovers alike.
|
| 538 |
|
|
|a Mode of access: World Wide Web.
|
| 546 |
|
|
|a In English
|
| 500 |
|
|
|a Electronic resource.
|
| 653 |
|
|
|a Gender Studies
|
| 653 |
|
|
|a LGBT
|
| 653 |
|
|
|a Movies
|
| 655 |
|
7 |
|a Nonfiction films.
|2 lcgft
|0 http://id.loc.gov/authorities/genreForms/gf2011026423
|
| 655 |
|
7 |
|a Internet videos.
|2 lcgft
|0 http://id.loc.gov/authorities/genreForms/gf2011026337
|
| 700 |
1 |
|
|a Louisell, Rebecca,
|e filmmaker.
|
| 710 |
2 |
|
|a Kanopy (Firm)
|0 http://id.loc.gov/authorities/names/no2014091415
|
| 856 |
4 |
0 |
|u http://proxy.library.tamu.edu/login?url=https://texasam.kanopystreaming.com/node/133795
|z Connect to this streaming video
|t 0
|
| 999 |
f |
f |
|s 5e637e06-52cc-3572-9150-b038eb2f8bc2
|i ef9e900e-100c-3652-9ecf-89da5e8b00e3
|t 0
|
| 952 |
f |
f |
|a Texas A&M University
|b College Station
|c Electronic Resources
|s www_evans
|d Available Online
|t 0
|h No information provided
|
| 998 |
f |
f |
|t 0
|l Available Online
|